All Ethel Cain songs - Statistics

General Stats
  • This quiz has been taken 991 times
    583 since last reset
  • The average score is 37 of 52
Answer Stats
Answer % Correct
Inbred
93%
Strangers
93%
Family Tree
92%
American Teenager
91%
Sun Bleached Flies
90%
A House In Nebraska
88%
Crush
88%
Family Tree (intro)
88%
Gibson Girl
87%
Janie
86%
Fuck Me Eyes
84%
Perverts
84%
Televangelism
84%
Waco, Texas
84%
Dust Bowl
83%
Nettles
83%
Hard Times
82%
Thoroughfare
82%
August Underground
81%
Western Nights
81%
Ptolemaea
79%
Willoughby's Interlude
79%
Willoughby's Theme
78%
Tempest
76%
Golden Age
75%
Radio Tower
75%
Two-Headed Mother
75%
Amber Waves
74%
Punish
73%
Knuckle Velvet
72%
Michelle Pfeiffer
71%
Unpunishable
67%
Misuse Oh
66%
Vacillator
65%
A Knock At The Door
64%
Head in the Wall
64%
Onanist
64%
Sunday Morning
64%
God's Country
63%
Lilies
62%
Dog Days
61%
Etienne
60%
Antlers
59%
Casings
58%
Housofpsychoticwomn
55%
Pulldrone
55%
Thatorchia
52%
Growing Pains
49%
For Sure
43%
Famous Last Words
35%
Everytime
33%
Morning Elvis
25%
No matching quizzes found
Score Distribution
Percent of People with Each Score
Percentile by Number Answered
Your Score History
You have not taken this quiz since the last reset